=LDR 00000nam 2200000 4500 =001 INLIS000000000044282 =005 20131008105553 =008 ***********************************ind** =035 ##$$0010-101300000002204 =041 ##$$a ind =082 ##$$a 398.059 823 =090 ##$$a 398.059 823, Khu r =100 ##$$a KHUSNUL, Tarti =245 ##$$a Raksasa Penjaga Gunung Merapi / Tarti Khusnul =260 ##$$a 2008 $b Jakarta =650 ##$$a Cerita Rakyat - Yogyakarta =850 ##$$a NBPNMAT